Contos tradicionais (Registo nº 1395)

Detalhes MARC
000 -Etiqueta do registo
Cabeçalho 00944nam0a2200301 4500
005 - Identificador da versão
Campo de controlo 20240822202802.0
010 ## - Número internacional normalizado dos livros (ISBN)
Número (ISBN) 9726806445
021 ## - Número do Depósito Legal
Código do país PT
Número 237402/06
100 ## - Dados gerais de processamento
Dados gerais de processamento 20160308d2006 de y0pory5003 ba
101 0# - Língua de publicação
Língua do texto, banda sonora, etc. Português
102 ## - Pais de publicação ou produção
País de publicação Portugal
105 ## - Campo de dados codificados: livros
Dados codificados dos livros y z 000yy
106 ## - Campo de dados codificados: material textual
Dados codificados do material textual r
200 1# - Titulo e menção de responsabilidade
Título próprio Contos tradicionais
Informação de outro título oito contos maravilhosos
Primeira menção de responsabilidade introd., notas, orient. dew leitura, selec. textos de Madalena Dine
210 ## - Publicação, Distribuição, etc. 
Lugar da edição, distribuição, etc. Lisboa
Nome do editor, distribuidor, etc. Lisboa Ed.
Data da publicação, distribuição, etc. 2006
215 ## - Descrição física 
Indicação específica da natureza do documento e extensão da espécie 96 p
225 2# - Colecção 
Título próprio da colecção 1001 Livros
Informação de outro título da colecção  a partir dos 13 anos
Indicação de volume 3
333 ## - Nota relativa aos potenciais utilizadores
Texto da nota A partir dos 13 anos
606 ## - Nome comum usado como assunto
Número de registo de entrada de autoridade 0002723
Palavra de ordem Literatura portuguesa
Subdivisão de assunto Contos populares
Código do sistema CA
Número de registo de entrada de autoridade 0002691
Palavra de ordem Literatura portuguesa
Subdivisão de assunto Crítica literária
Código do sistema CA
675 ## - Classificação Decimal Universal (CDU)
Notação 821.134.3-342
Edição 3ª ed.
Língua da edição por
Notação 821.134.3-342.09
Edição 3ª ed.
Língua da edição por
702 #1 - Nome de autor-pessoa física (responsabilidade secundária)
Número de registo de entrada de autoridade 0001541
Palavra de ordem Dine
Outra parte do nome não tomada para palavra de ordem Madalena
Código de função Editor literário / Coordenador
Número de registo de entrada de autoridade 0001537
Palavra de ordem Magalhães
Outra parte do nome não tomada para palavra de ordem Graça
Código de função Editor literário / Coordenador
942 ## - Elementos de entrada adicionados (Koha)
Tipo de item no Koha Livro
966 ## - Identificação da Biblioteca
Sigla EB2,3ENM
Exemplares
Situação do levantamento Origin of item (home branch) (coded) Biblioteca de empréstimo Código de barras Cota Circulation type (not for loan) Tipo de documento Nota do exemplar Damaged status
  Biblioteca Escolar Eng. Nuno Mergulhão Biblioteca Escolar Eng. Nuno Mergulhão BENM2786 82LP-34 CON   Livro Sem mensagem